Upravlenčekije informacionnyje sistemy

Na minha lista:
Detalhes bibliográficos
Autor principal: Dudinská, Elvíra
Outros Autores: Mizla, Martin, 1955-
Formato: Capítulo de Livro
Idioma:russo
Tags: Adicionar Tag
Sem tags, seja o primeiro a adicionar uma tag!

MARC

LEADER 00000naa a2200000 4500
001 0159416
005 20240502083352.1
041 0 |a rus 
044 |a RU 
245 1 0 |a Upravlenčekije informacionnyje sistemy  |c Elvíra Dudinská, Martin Mizla 
100 1 |a Dudinská, Elvíra 
700 1 |a Mizla, Martin, 1955-